Culture Générale - Série 2623 - Statistiques

Statistiques générales
  • Ce quiz a été pris 102 fois
  • Le résultat moyen est 3 sur 10
Statistiques - réponses
Question Réponse % Correct
Que désigne en argot le mot "esgourde" ? oreille
66%
Comment appelle-t-on une intoxication par le plomb ? saturnisme
56%
Dans les aventures de Tintin d'Hergé, quel est le prénom du capitaine Haddock ? Archibald
44%
Familier. Travailler, étudier une discipline, un livre, etc., avec ardeur - 8 lettres commençant par " p " potasser
41%
Comment s'appelait la mère de l'empereur Néron que ce dernier assassina ? Agrippine
34%
C'est une capitale asiatique et un jeu de cartes Manille
28%
Quelle salle de spectacle parisienne a été édifiée par l'architecte Charles Duval en 1864 Bd Voltaire ? Bataclan
24%
Dans le film "Le tatoué" réalisé par Denys de La Patellière, en 1968, quel peintre est l'auteur du tatouage que porte Jean Gabin (alias Legrain) dans son dos ? Modigliani
18%
Familièrement c'est un collégien, lycéen - 7 lettres commençant par " p " potache
17%
Dans quelle ville française sont situés la plage du Sillon et le fort de la Conchée? Saint-Malo
17%
Aucun quiz correspondant
Distribution des résultats
% des personnes avec chaque résultat
Percentile par nombre de réponses
Votre historique - résultats
Vous n’avez pas pris ce quiz